000 00609nam a22001937a 4500
003 0
005 20240910132406.0
008 240910b xxu||||| |||| 00| 0 eng d
020 _a978-1-265-12555-4
050 _aGB 5014
_b.Ab23 2023
100 _aAbbott, Patrick L.
245 _aNatural disasters
_cPatrick L. Abbott
250 _aTwelfth edition
260 _aNew York
_bMcGraw Hill, LLC
_c2023
300 _axvii, 575 pages :
_bcolored illustrations and pictures ;
_c28cm.
504 _aIncludes bibliographical references, glossary, and index.
650 _aNatural disaster.
942 _2lcc
_cBK
999 _c366204
_d366204